Gaming Quiz

Random Gaming or Video Games Quiz

Playstation 2 Games By Characters Quiz Stats

 Plays Quiz not verified by Sporcle

Challenge
Share
Tweet
Embed
Score 0/25 Timer 05:00
0 Plays Today
Characters Game % Correct
Captain Qwark, Clank, DrekRatchet And Clank
74.6%
Tidus, Yuna, Wakka, Kimahri RonsoFinal Fantasy X
74.6%
Raiden, Otacon, Emma EmmerichMetal Gear Solid 2
69.4%
Leon Kennedy, Ashley Graham, Ada WongResident Evil 4
67.9%
Dante, Trish, Mundus Devil May Cry
65.7%
Tommy Vercetti, Sonny Forelli, Lance VanceGrand Theft Auto: Vice City
63.4%
Carl Johnson, Frank Tenpenny, Sean JohnsonGrand Theft Auto: San Andreas
53.7%
Claire Redfield, Rodrigo Juan Raval, Steve BurnsideResident Evil Code: Veronica
36.6%
Scorpion, Shocker, VultureSpider-Man
35.1%
Slash, Tom Morello, Bret MichaelsGuitar Hero 3
32.8%
Professor Frink, Kang, KodosThe Simpsons: Hit & Run
32.1%
Basch, Larsa, Doctor CidFinal Fantasy XII
27.6%
Cassandra, Raphael, TalimSoulcalibur II
27.6%
Characters Game % Correct
Jimmy Hopkins, Gary Smith, Pete KowalskiBully
26.1%
Vincent Valentine, Omega Weiss, AzulDirge of Cerberus: Final Fantasy VII
24.6%
Unknown, Ogre, AngelTekken Tag Tournament
18.7%
Gill, Bruce, MarlinFinding Nemo
16.4%
Max, Alex, RicoMax Payne
12.7%
Calypso, Agent Stone, Marcus KaneTwisted Metal: Black
9.7%
Alexander Mayhew, Alura McCall, Zoe Nightshade007: Nightfire
8.2%
Fayt Leingod, Sophia Esteed, Peppita RossettiStar Ocean: Till The End of Time
7.5%
Private Aleksandr Sokolov, Lieutenant Tanya Pavelovna, Sergeant Sam RiversCall of Duty:Finest Hour
6%
Nicholas Kang-Wilson, Rosie Velasco, Wanda ParksTrue Crime Streets of LA
1.5%
Lady Margaret Beaufort, Bandit Keith, Ishizu IshtarYu-Gi-Oh! The Duelists of the Roses
1.5%
Low, Pepper, Scallion, PeaceFuture Tactics: The Uprising
0.7%

You're not logged in!

Compare scores with friends on all Sporcle quizzes.
Join for Free
OR
Log In

You Might Also Like...

Show Comments

Extras

Top Quizzes Today


Score Distribution

Your Account Isn't Verified!

In order to create a playlist on Sporcle, you need to verify the email address you used during registration. Go to your Sporcle Settings to finish the process.

Report this User

Report this user for behavior that violates our Community Guidelines.

Details: